LEADER 01443nam--2200433---450- 001 990000276560203316 005 20090326155820.0 010 $a0-8133-6887-1 035 $a0027656 035 $aUSA010027656 035 $a(ALEPH)000027656USA01 035 $a0027656 100 $a20001016d1998----km-y0itay0103----ba 101 0 $aeng 102 $aGB 105 $a||||||||001yy 200 1 $aCitizens, strangers and in-betweens$eessays on immigration and citizenship$fPeter H. Schuck 210 $aBoulder$cWestview$d1998 215 $aXVIII, 475 p.$d24 cm 225 $aNew perspective on law, culture, and society 410 $12001$aNew perspective on law, culture, and society 606 $aCittadinanza$yStati Uniti d'America 606 $aEmigrazione$xLegislazione$yStati Uniti d'America 606 $aImmigrazione$aLegislazione$yStati Uniti d'America 676 $a325.73 700 1$aSCHUCK,$bPeter H.$050196 801 0$aIT$bsalbc$gISBD 912 $a990000276560203316 951 $a325.73 SCH 1 (ISP IV 794)$b26307 ECO$cISP IV$d00005599 959 $aBK 969 $aECO 979 $aTAMI$b40$c20001016$lUSA01$h1156 979 $aTAMI$b40$c20001017$lUSA01$h0929 979 $c20001110$lUSA01$h1716 979 $c20020403$lUSA01$h1635 979 $aPATRY$b90$c20040406$lUSA01$h1619 979 $aRSIAV4$b90$c20090326$lUSA01$h1558 996 $aCitizens, strangers and in-betweens$9881823 997 $aUNISA LEADER 01855nam 2200469 450 001 9910706195103321 005 20170817092730.0 035 $a(CKB)5470000002454472 035 $a(OCoLC)1001288359 035 $a(EXLCZ)995470000002454472 100 $a20170817j199812 ua 0 101 0 $aeng 135 $aurbn||||||||| 181 $ctxt$2rdacontent 182 $cc$2rdamedia 183 $acr$2rdacarrier 200 10$aAnalysis of inlet-compressor acoustic interactions using coupled CFD codes /$fA. Suresh [and four others] 210 1$aCleveland, Ohio :$cNational Aeronautics and Space Administration, Lewis Research Center,$dDecember 1998. 215 $a1 online resource (10 pages) $cillustrations 225 1 $aNASA/TM ;$v1998-208839 300 $a"December 1998." 300 $a"Prepared for the 37th Aerospace Sciences Meeting and Exhibit sponsored by the American Institute for Aeronautics and Astronautics, Reno, Nevada, January 11-14, 1999." 300 $a"Performing organization: National Aeronautics and Space Administration, Lewis Research Center"--Report documentation page. 300 $a"AIAA-98-0749." 320 $aIncludes bibliographical references (page 5). 606 $aComputational fluid dynamics$2nasat 606 $aTurbomachinery$2nasat 606 $aSupersonic inlets$2nasat 606 $aUnsteady aerodynamics$2nasat 615 7$aComputational fluid dynamics. 615 7$aTurbomachinery. 615 7$aSupersonic inlets. 615 7$aUnsteady aerodynamics. 700 $aSuresh$b A$c(Writer on numeric analysis),$01406426 712 02$aLewis Research Center, 801 0$bGPO 801 1$bGPO 801 2$bGPO 906 $aBOOK 912 $a9910706195103321 996 $aAnalysis of inlet-compressor acoustic interactions using coupled CFD codes$93485413 997 $aUNINA